Países más cercanos a Trinidad y Tobago - ¡Muerte súbita! - Estadísticas

Estadísticas generales
  • Esta prueba ha sido intentada 14 veces
  • La puntuación promedio es 3 de 15
Answers on the Grid
Answers color-coded by a green-red scale on the quiz's grid according to % correct below.
Panamá
Venezuela
Brasil
Perú
Ecuador
Costa Rica
República Dominicana
Haití
Guyana
Nicaragua
Trinidad y Tobago
Jamaica
Cuba
Granada
Honduras
Santa Lucía
Dominica
Barbados
San Cristóbal y Nieves
Antigua y Barbuda
El Salvador
Guatemala
México
Estados Unidos
Bolivia
Paraguay
Chile
Argentina
Uruguay
Bahamas
 
Estadísticas de respuestas
Respuesta % Correcto
Trinidad y Tobago
46%
Guyana
38%
Haití
31%
Panamá
31%
Brasil
23%
República Dominicana
23%
Cuba
15%
Jamaica
15%
Costa Rica
8%
Ecuador
8%
Granada
8%
Nicaragua
8%
Perú
8%
Venezuela
8%
Honduras
0%
No se encontraron pruebas coincidentes
Distribución de puntuación
Porcentaje de gente con cada puntuación
Porcentaje por número respondido
Historial de tus puntuaciones
No has intentado esta prueba.